[Event "Classic Open"]
[Site "Estonia Resort Hotel & Spa conference center, Parnu, EE"]
[Date "2025.08.13"]
[Round "4"]
[White "Kopylov, Daniel"]
[Black "Adamovics, Aleksejs"]
[Result "1-0"]
[Board "9"]
[WhiteFideId "12921971"]
[BlackFideId "11622075"]
[WhiteTitle "IM"]
[WhiteElo "2421"]
[BlackElo "2183"]
[WhiteTeam "GER"]
[BlackTeam "LAT"]
[WhiteClock "0:21:13"]
[BlackClock "0:03:34"]
[Variant "Standard"]

1. e4 {[%clk 1:25:39]}  c5 {[%clk 1:30:51]} 2. Nf3 {[%clk 1:26:00]}  Nc6 {[%clk 1:31:10]} 3. d4 {[%clk 1:26:13]}  cxd4 {[%clk 1:31:32]} 4. Nxd4 {[%clk 1:26:30]}  Nf6 {[%clk 1:31:51]} 5. Nc3 {[%clk 1:26:51]}  e5 {[%clk 1:32:08]} 6. Ndb5 {[%clk 1:27:12]}  d6 {[%clk 1:32:28]} 7. Nd5 {[%clk 1:26:49]}  Nxd5 {[%clk 1:32:28]} 8. exd5 {[%clk 1:27:13]}  Nb8 {[%clk 1:33:07]} 9. a4 {[%clk 1:27:29]}  Be7 {[%clk 1:33:09]} 10. Be2 {[%clk 1:27:49]}  O-O {[%clk 1:33:16]} 11. O-O {[%clk 1:28:11]}  Nd7 {[%clk 1:29:22]} 12. Bd2 {[%clk 1:28:23]}  a6 {[%clk 1:23:08]} 13. Na3 {[%clk 1:28:42]}  a5 {[%clk 1:23:22]} 14. Nb5 {[%clk 1:27:04]}  Nb6 {[%clk 1:09:20]} 15. Be3 {[%clk 1:16:44]}  Bf5 {[%clk 1:05:07]} 16. f4 {[%clk 1:09:59]}  exf4 {[%clk 0:51:26]} 17. Bxf4 {[%clk 1:09:34]}  Rc8 {[%clk 0:51:03]} 18. c3 {[%clk 1:06:30]}  Be4 {[%clk 0:46:15]} 19. Bf3 {[%clk 1:01:57]}  Bxf3 {[%clk 0:46:28]} 20. Qxf3 {[%clk 1:00:26]}  Nc4 {[%clk 0:35:34]} 21. b3 {[%clk 0:57:05]}  Ne5 {[%clk 0:35:47]} 22. Qg3 {[%clk 0:56:25]}  Bf6 {[%clk 0:34:35]} 23. Ra2 {[%clk 0:53:55]}  Re8 {[%clk 0:33:00]} 24. Kh1 {[%clk 0:52:35]}  Qd7 {[%clk 0:28:35]} 25. c4 {[%clk 0:48:34]}  Kh8 {[%clk 0:24:22]} 26. Re2 {[%clk 0:45:50]}  Re7 {[%clk 0:10:45]} 27. Bc1 {[%clk 0:43:31]}  Ng6 {[%clk 0:06:51]} 28. Rxe7 {[%clk 0:42:09]}  Bxe7 {[%clk 0:07:08]} 29. Rxf7 {[%clk 0:40:38]}  Rf8 {[%clk 0:07:29]} 30. Rxf8+ {[%clk 0:39:11]}  Bxf8 {[%clk 0:07:58]} 31. Nd4 {[%clk 0:36:14]}  Qd8 {[%clk 0:04:48]} 32. Qf2 {[%clk 0:33:27]}  Qb6 {[%clk 0:04:25]} 33. Be3 {[%clk 0:32:39]}  Qb4 {[%clk 0:04:47]} 34. h3 {[%clk 0:31:06]}  Be7 {[%clk 0:04:22]} 35. Qf7 {[%clk 0:29:16]}  Qe1+ {[%clk 0:04:26]} 36. Bg1 {[%clk 0:29:31]}  Bf6 {[%clk 0:04:06]} 37. Ne6 {[%clk 0:23:12]}  Ne7 {[%clk 0:04:15]} 38. c5 {[%clk 0:21:31]}  Qe5 {[%clk 0:03:34]} 39. cxd6 {[%clk 0:21:13]} 1-0

[Event "Classic Open"]
[Site "Estonia Resort Hotel & Spa conference center, Parnu, EE"]
[Date "2025.08.13"]
[Round "4"]
[White "Chibukhchian, Artur"]
[Black "Nissinen, Niilo Man"]
[Result "1-0"]
[Board "10"]
[WhiteFideId "13300717"]
[BlackFideId "30950767"]
[WhiteTitle "GM"]
[BlackTitle "FM"]
[WhiteElo "2358"]
[BlackElo "2150"]
[WhiteTeam "ARM"]
[BlackTeam "HKG"]
[WhiteClock "0:02:20"]
[BlackClock "0:00:31"]
[Variant "Standard"]

1. e4 {[%clk 1:24:50]}  c5 {[%clk 1:30:46]} 2. Nf3 {[%clk 1:25:09]}  Nc6 {[%clk 1:30:59]} 3. Bb5 {[%clk 1:23:23]}  g6 {[%clk 1:30:38]} 4. Bxc6 {[%clk 1:23:44]}  dxc6 {[%clk 1:30:57]} 5. d3 {[%clk 1:24:09]}  Qc7 {[%clk 1:31:08]} 6. a4 {[%clk 1:22:30]}  e5 {[%clk 1:30:05]} 7. a5 {[%clk 1:19:41]}  Nf6 {[%clk 1:29:20]} 8. O-O {[%clk 1:14:11]}  Nh5 {[%clk 1:27:53]} 9. Be3 {[%clk 1:09:54]}  f6 {[%clk 1:23:38]} 10. Qe1 {[%clk 0:57:52]}  Ng7 {[%clk 1:06:10]} 11. Nbd2 {[%clk 0:38:12]}  Bg4 {[%clk 1:03:53]} 12. h3 {[%clk 0:38:31]}  Bxf3 {[%clk 1:04:07]} 13. Nxf3 {[%clk 0:39:00]}  Ne6 {[%clk 1:03:04]} 14. Ra4 {[%clk 0:33:21]}  g5 {[%clk 0:51:12]} 15. Qc3 {[%clk 0:28:53]}  Bd6 {[%clk 0:39:57]} 16. Qc4 {[%clk 0:27:33]}  Ke7 {[%clk 0:34:43]} 17. c3 {[%clk 0:27:26]}  b5 {[%clk 0:33:19]} 18. axb6 {[%clk 0:23:59]}  axb6 {[%clk 0:33:38]} 19. Rxa8 {[%clk 0:20:55]}  Rxa8 {[%clk 0:34:02]} 20. d4 {[%clk 0:21:14]}  Qa7 {[%clk 0:27:29]} 21. dxe5 {[%clk 0:16:42]}  Bxe5 {[%clk 0:27:39]} 22. Nxe5 {[%clk 0:17:05]}  fxe5 {[%clk 0:28:03]} 23. Qe2 {[%clk 0:17:16]}  Rg8 {[%clk 0:13:08]} 24. Qh5 {[%clk 0:14:26]}  Kd8 {[%clk 0:11:24]} 25. Rd1+ {[%clk 0:14:37]}  Kc8 {[%clk 0:11:35]} 26. Qg4 {[%clk 0:13:05]}  Rg6 {[%clk 0:09:16]} 27. Qf5 {[%clk 0:11:28]}  Qc7 {[%clk 0:07:08]} 28. Bxg5 {[%clk 0:10:52]}  Qg7 {[%clk 0:06:39]} 29. Rd6 {[%clk 0:02:16]}  Kc7 {[%clk 0:06:33]} 30. Rxe6 {[%clk 0:02:44]}  Rxg5 {[%clk 0:06:56]} 31. Qf3 {[%clk 0:03:06]}  Kd7 {[%clk 0:06:52]} 32. Rf6 {[%clk 0:02:40]}  Rxg2+ {[%clk 0:06:33]} 33. Kf1 {[%clk 0:02:29]}  Rg1+ {[%clk 0:06:22]} 34. Ke2 {[%clk 0:02:57]}  Qg5 {[%clk 0:00:31]} 35. Qd3+ {[%clk 0:02:20]} 1-0

[Event "Classic Open"]
[Site "Estonia Resort Hotel & Spa conference center, Parnu, EE"]
[Date "2025.08.13"]
[Round "4"]
[White "Kull, Tormi"]
[Black "Gaponenko, Inna"]
[Result "0-1"]
[Board "11"]
[WhiteFideId "4510151"]
[BlackFideId "14101181"]
[WhiteTitle "CM"]
[BlackTitle "IM"]
[WhiteElo "2148"]
[BlackElo "2338"]
[WhiteTeam "EST"]
[BlackTeam "UKR"]
[WhiteClock "0:20:46"]
[BlackClock "0:05:07"]
[Variant "Standard"]

1. c4 {[%clk 1:30:59]}  e5 {[%clk 1:30:51]} 2. g3 {[%clk 1:31:22]}  d6 {[%clk 1:31:16]} 3. Bg2 {[%clk 1:31:34]}  f5 {[%clk 1:31:41]} 4. d3 {[%clk 1:27:41]}  Nf6 {[%clk 1:32:03]} 5. e3 {[%clk 1:28:01]}  Be7 {[%clk 1:32:18]} 6. Ne2 {[%clk 1:28:24]}  a5 {[%clk 1:30:50]} 7. Nbc3 {[%clk 1:28:26]}  c6 {[%clk 1:29:57]} 8. O-O {[%clk 1:22:39]}  O-O {[%clk 1:29:53]} 9. b3 {[%clk 1:13:38]}  Qe8 {[%clk 1:20:42]} 10. h3 {[%clk 1:09:09]}  Qh5 {[%clk 1:11:33]} 11. f4 {[%clk 1:06:25]}  Nbd7 {[%clk 1:11:11]} 12. Ba3 {[%clk 1:00:58]}  g5 {[%clk 0:51:14]} 13. Rf2 {[%clk 0:54:50]}  Rf7 {[%clk 0:40:24]} 14. g4 {[%clk 0:45:45]}  fxg4 {[%clk 0:38:31]} 15. Ng3 {[%clk 0:45:31]}  Qg6 {[%clk 0:38:48]} 16. f5 {[%clk 0:45:04]}  Qh6 {[%clk 0:37:43]} 17. hxg4 {[%clk 0:44:42]}  Qh4 {[%clk 0:35:14]} 18. Bf3 {[%clk 0:44:11]}  Nxg4 {[%clk 0:18:58]} 19. Bxg4 {[%clk 0:40:17]}  Qxg3+ {[%clk 0:19:23]} 20. Kf1 {[%clk 0:36:13]}  Nf6 {[%clk 0:17:37]} 21. Ne4 {[%clk 0:33:11]}  Nxg4 {[%clk 0:16:26]} 22. Nxg3 {[%clk 0:33:34]}  Nxe3+ {[%clk 0:16:52]} 23. Ke2 {[%clk 0:33:55]}  Nxd1 {[%clk 0:17:18]} 24. Rxd1 {[%clk 0:34:18]}  Bd7 {[%clk 0:16:12]} 25. Rdf1 {[%clk 0:31:15]}  Raf8 {[%clk 0:16:01]} 26. Bc1 {[%clk 0:28:55]}  h5 {[%clk 0:14:08]} 27. Nxh5 {[%clk 0:22:50]}  Bxf5 {[%clk 0:12:02]} 28. Ke3 {[%clk 0:22:24]}  g4 {[%clk 0:03:57]} 29. Ng3 {[%clk 0:20:29]}  Bg5+ {[%clk 0:03:49]} 30. Ke2 {[%clk 0:20:50]}  Bxd3+ {[%clk 0:04:11]} 31. Kxd3 {[%clk 0:20:37]}  Rxf2 {[%clk 0:04:37]} 32. Rxf2 {[%clk 0:20:57]}  Rxf2 {[%clk 0:04:42]} 33. Bxg5 {[%clk 0:21:11]}  Rf3+ {[%clk 0:05:07]} 34. Ke4 {[%clk 0:20:46]} 0-1

[Event "Classic Open"]
[Site "Estonia Resort Hotel & Spa conference center, Parnu, EE"]
[Date "2025.08.13"]
[Round "5"]
[White "Fischer, Daniel"]
[Black "Kazakouski, Valery"]
[Result "1/2-1/2"]
[Board "1"]
[WhiteFideId "1328360"]
[BlackFideId "13507443"]
[WhiteTitle "IM"]
[BlackTitle "GM"]
[WhiteElo "2360"]
[BlackElo "2584"]
[WhiteTeam "SUI"]
[BlackTeam "LTU"]
[WhiteClock "0:04:47"]
[BlackClock "0:05:16"]
[Variant "Standard"]

1. e4 {[%clk 1:30:57]}  c5 {[%clk 1:30:52]} 2. Nf3 {[%clk 1:31:23]}  d6 {[%clk 1:31:16]} 3. d4 {[%clk 1:31:48]}  cxd4 {[%clk 1:31:41]} 4. Nxd4 {[%clk 1:32:14]}  Nf6 {[%clk 1:32:05]} 5. Nc3 {[%clk 1:32:41]}  a6 {[%clk 1:32:28]} 6. a4 {[%clk 1:32:59]}  e5 {[%clk 1:31:32]} 7. Nf3 {[%clk 1:33:23]}  Be7 {[%clk 1:30:41]} 8. Bg5 {[%clk 1:33:18]}  Be6 {[%clk 1:29:11]} 9. Bxf6 {[%clk 1:33:16]}  Bxf6 {[%clk 1:29:35]} 10. Nd5 {[%clk 1:33:20]}  Nd7 {[%clk 1:29:36]} 11. Bc4 {[%clk 1:33:11]}  Rc8 {[%clk 1:28:50]} 12. Qe2 {[%clk 1:31:36]}  Nb6 {[%clk 1:22:54]} 13. Nxf6+ {[%clk 1:31:57]}  Qxf6 {[%clk 1:22:41]} 14. Bxe6 {[%clk 1:32:22]}  Qxe6 {[%clk 1:21:09]} 15. b3 {[%clk 1:31:39]}  O-O {[%clk 1:19:38]} 16. O-O {[%clk 1:31:49]}  Rc3 {[%clk 1:16:09]} 17. Rfd1 {[%clk 1:29:38]}  Rfc8 {[%clk 1:11:51]} 18. Ne1 {[%clk 1:30:01]}  Nd7 {[%clk 1:10:49]} 19. Rd3 {[%clk 1:30:16]}  R3c6 {[%clk 1:04:30]} 20. Rad1 {[%clk 1:24:11]}  Nc5 {[%clk 1:04:19]} 21. Re3 {[%clk 1:15:59]}  Qg6 {[%clk 0:58:27]} 22. h3 {[%clk 0:53:20]}  Ne6 {[%clk 0:56:12]} 23. c4 {[%clk 0:43:52]}  Nd4 {[%clk 0:51:20]} 24. Qg4 {[%clk 0:42:51]}  Kf8 {[%clk 0:46:10]} 25. Nf3 {[%clk 0:37:31]}  Ne6 {[%clk 0:44:47]} 26. Rdd3 {[%clk 0:35:30]}  Ke7 {[%clk 0:40:40]} 27. g3 {[%clk 0:31:13]}  Rb8 {[%clk 0:36:54]} 28. Rc3 {[%clk 0:24:20]}  Rbc8 {[%clk 0:33:25]} 29. Rcd3 {[%clk 0:24:37]}  Qxg4 {[%clk 0:32:56]} 30. hxg4 {[%clk 0:25:05]}  Rc5 {[%clk 0:33:16]} 31. Nd2 {[%clk 0:18:07]}  Nd4 {[%clk 0:31:44]} 32. Kg2 {[%clk 0:14:47]}  f6 {[%clk 0:29:10]} 33. Nb1 {[%clk 0:12:25]}  Ke6 {[%clk 0:25:39]} 34. Na3 {[%clk 0:12:34]}  R5c6 {[%clk 0:25:10]} 35. Kf1 {[%clk 0:10:53]}  Rh8 {[%clk 0:23:38]} 36. Kg2 {[%clk 0:07:51]}  h5 {[%clk 0:22:36]} 37. gxh5 {[%clk 0:08:16]}  Rxh5 {[%clk 0:23:02]} 38. Nb1 {[%clk 0:07:52]}  Kf7 {[%clk 0:14:01]} 39. Nd2 {[%clk 0:07:51]}  Ne6 {[%clk 0:14:02]} 40. Nf3 {[%clk 0:07:05]}  Nc5 {[%clk 0:13:51]} 41. Rc3 {[%clk 0:04:51]}  Rh8 {[%clk 0:13:59]} 42. Ne1 {[%clk 0:04:49]}  g6 {[%clk 0:13:14]} 43. Nd3 {[%clk 0:04:37]}  Ke6 {[%clk 0:10:01]} 44. Nxc5+ {[%clk 0:04:46]}  Rxc5 {[%clk 0:10:23]} 45. Rcd3 {[%clk 0:04:44]}  Rc6 {[%clk 0:06:38]} 46. Re1 {[%clk 0:04:47]}  Rh7 {[%clk 0:05:16]} 1/2-1/2

[Event "Classic Open"]
[Site "Estonia Resort Hotel & Spa conference center, Parnu, EE"]
[Date "2025.08.13"]
[Round "5"]
[White "Bogner, Sebastian"]
[Black "Andrijashkin, Deniss"]
[Result "1-0"]
[Board "2"]
[WhiteFideId "4692055"]
[BlackFideId "4504631"]
[WhiteTitle "GM"]
[WhiteElo "2552"]
[BlackElo "2114"]
[WhiteTeam "SUI"]
[BlackTeam "EST"]
[WhiteClock "0:03:35"]
[BlackClock "0:00:33"]
[Variant "Standard"]

1. d4 {[%clk 1:30:58]}  Nf6 {[%clk 1:27:32]} 2. c4 {[%clk 1:31:26]}  g6 {[%clk 1:27:36]} 3. Nc3 {[%clk 1:31:51]}  Bg7 {[%clk 1:28:03]} 4. e4 {[%clk 1:32:19]}  d6 {[%clk 1:28:28]} 5. Nf3 {[%clk 1:32:46]}  O-O {[%clk 1:28:47]} 6. Be2 {[%clk 1:33:14]}  e5 {[%clk 1:29:00]} 7. Be3 {[%clk 1:33:40]}  exd4 {[%clk 1:29:04]} 8. Nxd4 {[%clk 1:34:06]}  Re8 {[%clk 1:29:15]} 9. f3 {[%clk 1:33:50]}  c6 {[%clk 1:29:17]} 10. Bf2 {[%clk 1:34:16]}  d5 {[%clk 1:29:16]} 11. exd5 {[%clk 1:34:42]}  cxd5 {[%clk 1:29:44]} 12. O-O {[%clk 1:34:38]}  Nc6 {[%clk 1:28:31]} 13. c5 {[%clk 1:35:36]}  Nh5 {[%clk 1:26:13]} 14. Qd2 {[%clk 1:36:02]}  Be5 {[%clk 1:25:15]} 15. g3 {[%clk 1:36:31]}  Ng7 {[%clk 1:21:33]} 16. Rfd1 {[%clk 1:37:00]}  Be6 {[%clk 1:21:20]} 17. Bb5 {[%clk 1:37:26]}  Rc8 {[%clk 1:20:21]} 18. Bxc6 {[%clk 1:37:16]}  bxc6 {[%clk 1:20:36]} 19. b4 {[%clk 1:34:35]}  Qf6 {[%clk 1:10:43]} 20. Kg2 {[%clk 1:26:39]}  Nf5 {[%clk 1:06:28]} 21. Rac1 {[%clk 1:24:20]}  g5 {[%clk 0:56:47]} 22. b5 {[%clk 0:59:23]}  cxb5 {[%clk 0:39:20]} 23. Ncxb5 {[%clk 0:58:11]}  a6 {[%clk 0:34:32]} 24. Nxe6 {[%clk 0:52:23]}  fxe6 {[%clk 0:32:08]} 25. Nc3 {[%clk 0:52:37]}  Rf8 {[%clk 0:27:17]} 26. Qd3 {[%clk 0:50:15]}  Rc7 {[%clk 0:24:39]} 27. Re1 {[%clk 0:47:55]}  Rcf7 {[%clk 0:20:02]} 28. c6 {[%clk 0:42:57]}  Bd6 {[%clk 0:18:11]} 29. Na4 {[%clk 0:27:27]}  d4 {[%clk 0:14:10]} 30. Qe4 {[%clk 0:26:32]}  e5 {[%clk 0:14:09]} 31. Nb6 {[%clk 0:23:02]}  Ba3 {[%clk 0:08:30]} 32. Nd7 {[%clk 0:17:57]}  Qd6 {[%clk 0:03:00]} 33. Nxe5 {[%clk 0:14:19]}  Re7 {[%clk 0:02:27]} 34. Rcd1 {[%clk 0:12:17]}  Bb4 {[%clk 0:02:04]} 35. Re2 {[%clk 0:12:35]}  Bc3 {[%clk 0:02:12]} 36. f4 {[%clk 0:11:00]}  gxf4 {[%clk 0:02:17]} 37. gxf4 {[%clk 0:11:25]}  Rg7+ {[%clk 0:00:54]} 38. Kh1 {[%clk 0:11:33]}  Kh8 {[%clk 0:00:36]} 39. Rg1 {[%clk 0:08:00]}  Rxg1+ {[%clk 0:00:46]} 40. Bxg1 {[%clk 0:08:12]}  Qh6 {[%clk 0:00:32]} 41. Rg2 {[%clk 0:08:10]}  Qd6 {[%clk 0:00:34]} 42. Nd7 {[%clk 0:05:32]}  Rg8 {[%clk 0:00:33]} 43. Qxf5 {[%clk 0:03:35]} 1-0

[Event "Classic Open"]
[Site "Estonia Resort Hotel & Spa conference center, Parnu, EE"]
[Date "2025.08.13"]
[Round "5"]
[White "Laurusas, Tomas"]
[Black "Meshkovs, Nikita"]
[Result "1/2-1/2"]
[Board "3"]
[WhiteFideId "12803731"]
[BlackFideId "11602740"]
[WhiteTitle "GM"]
[BlackTitle "GM"]
[WhiteElo "2500"]
[BlackElo "2547"]
[WhiteTeam "LTU"]
[BlackTeam "LAT"]
[WhiteClock "1:35:33"]
[BlackClock "1:33:58"]
[Variant "Standard"]

1. d4 {[%clk 1:30:58]}  Nf6 {[%clk 1:30:53]} 2. c4 {[%clk 1:31:22]}  e6 {[%clk 1:31:19]} 3. Nf3 {[%clk 1:31:46]}  a6 {[%clk 1:31:41]} 4. Nc3 {[%clk 1:32:06]}  d5 {[%clk 1:32:04]} 5. cxd5 {[%clk 1:32:28]}  exd5 {[%clk 1:32:32]} 6. Bg5 {[%clk 1:32:49]}  Be6 {[%clk 1:32:50]} 7. e3 {[%clk 1:33:11]}  Nbd7 {[%clk 1:33:10]} 8. Bd3 {[%clk 1:33:32]}  h6 {[%clk 1:32:22]} 9. Bh4 {[%clk 1:33:27]}  g5 {[%clk 1:32:41]} 10. Bg3 {[%clk 1:33:51]}  Nh5 {[%clk 1:33:03]} 11. Be5 {[%clk 1:34:16]}  Nhf6 {[%clk 1:33:18]} 12. Bg3 {[%clk 1:34:41]}  Nh5 {[%clk 1:33:39]} 13. Be5 {[%clk 1:35:06]}  Nhf6 {[%clk 1:33:58]} 14. Bg3 {[%clk 1:35:33]} 1/2-1/2

[Event "Classic Open"]
[Site "Estonia Resort Hotel & Spa conference center, Parnu, EE"]
[Date "2025.08.13"]
[Round "5"]
[White "Keinanen, Toivo"]
[Black "Savitha Shri B"]
[Result "1-0"]
[Board "4"]
[WhiteFideId "509825"]
[BlackFideId "35061887"]
[WhiteTitle "IM"]
[BlackTitle "IM"]
[WhiteElo "2517"]
[BlackElo "2326"]
[WhiteTeam "FIN"]
[BlackTeam "IND"]
[WhiteClock "0:00:51"]
[BlackClock "0:02:09"]
[Variant "Standard"]

1. g3 {[%clk 1:30:58]}  e5 {[%clk 1:25:26]} 2. c4 {[%clk 1:29:46]}  c6 {[%clk 1:25:17]} 3. d4 {[%clk 1:30:09]}  e4 {[%clk 1:26:04]} 4. Qa4 {[%clk 1:30:32]}  Nf6 {[%clk 1:24:25]} 5. Nc3 {[%clk 1:27:10]}  Na6 {[%clk 1:10:29]} 6. a3 {[%clk 1:24:44]}  Be7 {[%clk 0:50:07]} 7. Bg2 {[%clk 1:22:24]}  O-O {[%clk 0:50:31]} 8. Nxe4 {[%clk 1:22:07]}  Nxe4 {[%clk 0:50:48]} 9. Bxe4 {[%clk 1:22:35]}  Bf6 {[%clk 0:51:17]} 10. Be3 {[%clk 1:00:16]}  d5 {[%clk 0:48:56]} 11. cxd5 {[%clk 0:56:16]}  cxd5 {[%clk 0:49:13]} 12. Bd3 {[%clk 0:54:20]}  Qb6 {[%clk 0:43:11]} 13. Qb5 {[%clk 0:46:59]}  Bxd4 {[%clk 0:36:30]} 14. Bxh7+ {[%clk 0:31:56]}  Kxh7 {[%clk 0:36:15]} 15. Qd3+ {[%clk 0:32:23]}  Bf5 {[%clk 0:35:49]} 16. Qxd4 {[%clk 0:31:24]}  Qb5 {[%clk 0:25:25]} 17. g4 {[%clk 0:30:23]}  Bc2 {[%clk 0:22:47]} 18. a4 {[%clk 0:25:52]}  Qc4 {[%clk 0:18:05]} 19. Qxc4 {[%clk 0:23:27]}  dxc4 {[%clk 0:18:27]} 20. Nf3 {[%clk 0:23:56]}  Rfe8 {[%clk 0:14:18]} 21. Nd4 {[%clk 0:15:43]}  Bg6 {[%clk 0:11:27]} 22. Rc1 {[%clk 0:14:44]}  Re4 {[%clk 0:08:05]} 23. Rxc4 {[%clk 0:07:45]}  Rxg4 {[%clk 0:07:47]} 24. h4 {[%clk 0:08:12]}  Be4 {[%clk 0:05:03]} 25. f3 {[%clk 0:08:26]}  Bd5 {[%clk 0:05:32]} 26. Rc3 {[%clk 0:08:25]}  Re8 {[%clk 0:05:07]} 27. Kf2 {[%clk 0:08:13]}  Rg6 {[%clk 0:04:11]} 28. h5 {[%clk 0:08:35]}  Rf6 {[%clk 0:04:26]} 29. Nb5 {[%clk 0:07:40]}  Bc6 {[%clk 0:03:17]} 30. Bxa7 {[%clk 0:05:46]}  Nb4 {[%clk 0:03:29]} 31. Bd4 {[%clk 0:05:02]}  Rf4 {[%clk 0:03:51]} 32. Be3 {[%clk 0:04:15]}  Rf6 {[%clk 0:04:16]} 33. Bg5 {[%clk 0:01:43]}  Rf5 {[%clk 0:03:47]} 34. Bd2 {[%clk 0:01:17]}  Rd8 {[%clk 0:03:39]} 35. Be1 {[%clk 0:01:03]}  Rd1 {[%clk 0:02:41]} 36. Rc4 {[%clk 0:01:08]}  Bxb5 {[%clk 0:00:53]} 37. Rxb4 {[%clk 0:00:37]}  Bc6 {[%clk 0:01:22]} 38. Rg4 {[%clk 0:01:02]}  Rb1 {[%clk 0:01:09]} 39. Rxg7+ {[%clk 0:00:34]}  Kxg7 {[%clk 0:01:38]} 40. Bc3+ {[%clk 0:01:02]}  Kh6 {[%clk 0:01:58]} 41. Rxb1 {[%clk 0:01:31]}  Bxa4 {[%clk 0:02:12]} 42. Rg1 {[%clk 0:00:39]}  Bc6 {[%clk 0:02:11]} 43. Rg8 {[%clk 0:00:38]}  Kxh5 {[%clk 0:01:58]} 44. Bd2 {[%clk 0:00:34]}  Rb5 {[%clk 0:02:05]} 45. Bc1 {[%clk 0:00:36]}  Rc5 {[%clk 0:02:22]} 46. Be3 {[%clk 0:01:03]}  Rc2 {[%clk 0:02:24]} 47. Rg5+ {[%clk 0:01:07]}  Kh4 {[%clk 0:02:54]} 48. Rf5 {[%clk 0:01:09]}  Be8 {[%clk 0:02:09]} 49. Kg2 {[%clk 0:00:51]} 1-0

[Event "Classic Open"]
[Site "Estonia Resort Hotel & Spa conference center, Parnu, EE"]
[Date "2025.08.13"]
[Round "5"]
[White "Poetsch, Hagen"]
[Black "Kopylov, Michael"]
[Result "1-0"]
[Board "5"]
[WhiteFideId "24615137"]
[BlackFideId "14105080"]
[WhiteTitle "GM"]
[BlackTitle "IM"]
[WhiteElo "2479"]
[BlackElo "2328"]
[WhiteTeam "GER"]
[BlackTeam "UKR"]
[WhiteClock "0:22:22"]
[BlackClock "0:10:18"]
[Variant "Standard"]

1. e4 {[%clk 1:30:58]}  e6 {[%clk 1:29:52]} 2. d4 {[%clk 1:31:22]}  d5 {[%clk 1:30:18]} 3. Nc3 {[%clk 1:31:46]}  dxe4 {[%clk 1:30:18]} 4. Nxe4 {[%clk 1:32:10]}  Nd7 {[%clk 1:30:39]} 5. Nf3 {[%clk 1:32:35]}  Ngf6 {[%clk 1:30:56]} 6. Nxf6+ {[%clk 1:32:59]}  Nxf6 {[%clk 1:31:24]} 7. Be3 {[%clk 1:33:19]}  Nd5 {[%clk 1:24:20]} 8. Bd2 {[%clk 1:33:43]}  c5 {[%clk 1:24:39]} 9. Bb5+ {[%clk 1:34:08]}  Bd7 {[%clk 1:25:03]} 10. Bxd7+ {[%clk 1:34:34]}  Qxd7 {[%clk 1:25:32]} 11. c4 {[%clk 1:34:34]}  Nb6 {[%clk 1:25:38]} 12. Rc1 {[%clk 1:33:32]}  Be7 {[%clk 1:21:19]} 13. dxc5 {[%clk 1:29:53]}  Bxc5 {[%clk 1:19:09]} 14. b4 {[%clk 1:30:16]}  Be7 {[%clk 1:19:36]} 15. c5 {[%clk 1:30:13]}  Nd5 {[%clk 1:20:01]} 16. Ne5 {[%clk 1:30:01]}  Qc7 {[%clk 1:20:27]} 17. Qa4+ {[%clk 1:29:47]}  Kf8 {[%clk 1:20:53]} 18. Nf3 {[%clk 1:23:39]}  h5 {[%clk 1:14:43]} 19. O-O {[%clk 1:21:20]}  h4 {[%clk 1:14:37]} 20. c6 {[%clk 1:04:15]}  h3 {[%clk 1:00:10]} 21. g3 {[%clk 1:00:52]}  bxc6 {[%clk 0:56:47]} 22. Rxc6 {[%clk 1:00:25]}  Qb7 {[%clk 0:56:27]} 23. b5 {[%clk 0:54:25]}  Bf6 {[%clk 0:52:08]} 24. Rfc1 {[%clk 0:53:07]}  Rh5 {[%clk 0:46:33]} 25. g4 {[%clk 0:48:08]}  Rh8 {[%clk 0:40:26]} 26. g5 {[%clk 0:41:45]}  Bd8 {[%clk 0:35:22]} 27. Ne5 {[%clk 0:40:17]}  Bc7 {[%clk 0:30:21]} 28. Nd7+ {[%clk 0:27:04]}  Kg8 {[%clk 0:28:27]} 29. Nc5 {[%clk 0:26:09]}  Qb8 {[%clk 0:27:30]} 30. g6 {[%clk 0:22:14]}  Bxh2+ {[%clk 0:25:26]} 31. Kh1 {[%clk 0:22:38]}  fxg6 {[%clk 0:14:24]} 32. Qg4 {[%clk 0:21:44]}  Bf4 {[%clk 0:09:01]} 33. Qxe6+ {[%clk 0:21:55]}  Kh7 {[%clk 0:09:28]} 34. Qxg6+ {[%clk 0:21:39]}  Kg8 {[%clk 0:09:51]} 35. Qe6+ {[%clk 0:22:03]}  Kh7 {[%clk 0:10:18]} 36. Qf5+ {[%clk 0:22:22]} 1-0

[Event "Classic Open"]
[Site "Estonia Resort Hotel & Spa conference center, Parnu, EE"]
[Date "2025.08.13"]
[Round "5"]
[White "Jakubowski, Krzysztof"]
[Black "Krivonosov, Oleg"]
[Result "1-0"]
[Board "6"]
[WhiteFideId "1112848"]
[BlackFideId "11600349"]
[WhiteTitle "GM"]
[BlackTitle "IM"]
[WhiteElo "2443"]
[BlackElo "2320"]
[WhiteTeam "POL"]
[BlackTeam "LAT"]
[WhiteClock "0:17:40"]
[BlackClock "0:04:13"]
[Variant "Standard"]

1. d4 {[%clk 1:30:56]}  d5 {[%clk 1:30:47]} 2. c4 {[%clk 1:31:14]}  e6 {[%clk 1:31:10]} 3. cxd5 {[%clk 1:31:34]}  exd5 {[%clk 1:31:28]} 4. Nc3 {[%clk 1:31:56]}  Nf6 {[%clk 1:29:31]} 5. Bg5 {[%clk 1:31:42]}  c6 {[%clk 1:28:54]} 6. e3 {[%clk 1:31:51]}  Bf5 {[%clk 1:28:44]} 7. Qf3 {[%clk 1:30:32]}  Bg6 {[%clk 1:29:05]} 8. Bxf6 {[%clk 1:30:55]}  Qxf6 {[%clk 1:29:29]} 9. Qxf6 {[%clk 1:31:20]}  gxf6 {[%clk 1:29:55]} 10. Nge2 {[%clk 1:27:36]}  Bd6 {[%clk 1:26:38]} 11. h4 {[%clk 1:24:32]}  h5 {[%clk 1:24:42]} 12. Nf4 {[%clk 1:20:36]}  Nd7 {[%clk 1:19:28]} 13. Nce2 {[%clk 1:18:46]}  Nf8 {[%clk 1:13:58]} 14. f3 {[%clk 1:10:34]}  Ne6 {[%clk 1:09:41]} 15. g3 {[%clk 1:10:44]}  a5 {[%clk 1:08:17]} 16. Bh3 {[%clk 1:10:44]}  Ng7 {[%clk 1:06:18]} 17. Kf2 {[%clk 1:08:10]}  Bf5 {[%clk 0:54:50]} 18. Bxf5 {[%clk 0:43:29]}  Nxf5 {[%clk 0:51:07]} 19. Rac1 {[%clk 0:43:02]}  Rd8 {[%clk 0:46:03]} 20. Rhd1 {[%clk 0:41:45]}  Ke7 {[%clk 0:38:13]} 21. a4 {[%clk 0:27:21]}  Ng7 {[%clk 0:35:07]} 22. Rd3 {[%clk 0:27:16]}  Ne6 {[%clk 0:35:00]} 23. Rb3 {[%clk 0:27:36]}  Rb8 {[%clk 0:34:53]} 24. e4 {[%clk 0:25:14]}  Nxf4 {[%clk 0:31:44]} 25. Nxf4 {[%clk 0:22:17]}  dxe4 {[%clk 0:26:58]} 26. fxe4 {[%clk 0:22:23]}  Bxf4 {[%clk 0:27:12]} 27. gxf4 {[%clk 0:22:47]}  f5 {[%clk 0:27:34]} 28. Rc5 {[%clk 0:21:52]}  fxe4 {[%clk 0:26:51]} 29. Rxa5 {[%clk 0:22:16]}  b6 {[%clk 0:16:58]} 30. Re5+ {[%clk 0:18:27]}  Kd6 {[%clk 0:17:11]} 31. Rg3 {[%clk 0:18:47]}  c5 {[%clk 0:08:02]} 32. Ke3 {[%clk 0:18:36]}  Ra8 {[%clk 0:06:16]} 33. b3 {[%clk 0:18:35]}  c4 {[%clk 0:06:26]} 34. Kxe4 {[%clk 0:18:11]}  cxb3 {[%clk 0:04:53]} 35. Rxb3 {[%clk 0:18:07]}  Rhb8 {[%clk 0:04:04]} 36. Rb4 {[%clk 0:18:08]}  f6 {[%clk 0:04:13]} 37. Reb5 {[%clk 0:17:40]} 1-0